| 000 | 01519nam a2200385 4500 | ||
|---|---|---|---|
| 001 | 60409 | ||
| 003 | CO-BoRNBP | ||
| 005 | 20260204224840.0 | ||
| 007 | ta | ||
| 008 | 890522s1981 sp 0 spa | ||
| 017 |
_aM 40552-1981 _bOficina Depósito Legal Madrid |
||
| 020 | _a8432113395 | ||
| 040 |
_aIBH _bspa _cSpMaBN _erdc |
||
| 041 | 1 |
_aspa _hita |
|
| 080 | _a087.5 | ||
| 084 | _a00 | ||
| 100 | 1 |
_aPetrini, Enzo _968579 |
|
| 240 | 1 | 0 | _aAvviamento crítico alla letteratura giovanile |
| 245 | 1 | 0 |
_aEstudio crítico de la literatura juvenil _h[Texto impreso] _cEnzo Petrini ; [traducción de Manuel Carrión Gútiez] ; apéndice, "Actualidad del cuento infantil en España" por María Josefa Sirvent del Otero |
| 250 | _a1a. edición | ||
| 300 |
_a220 p. _c23 cm |
||
| 336 |
_2rdacontent _atexto _btxt |
||
| 337 |
_2rdamedia _asin mediación _bn |
||
| 338 |
_2rdacarrier _avolumen _bnc |
||
| 490 | 0 |
_aBiblioteca de educación y ciencias sociales : Serie Investigaciones y ensayos _v4 |
|
| 650 | 7 |
_aNiños _xLibros y lectura _2embne _965555 |
|
| 700 | 1 |
_aCarrión Gútiez, Manuel _d1930-2016 _968580 |
|
| 700 | 1 |
_aSirvent del Otero, María Josefa _968581 |
|
| 942 |
_2ddc _cBK |
||
| 956 | _a1 2 | ||
| 980 |
_aM 40552-1981 _aSpMaBN _bBNALCALA _jAHM/339310 _cSG_PETANTI |
||
| 980 |
_aM 40552-1981 _aSpMaBN _bBNALCALA _jDL/186433 _cCONSERVACI |
||
| 980 |
_aM 40552-1981 _a84-321-1339 _aSpMaBN _bBNALCALA _jJ5/633 _dJ5 82-93(04) PET _cSG_PETANTI |
||
| 980 |
_aBiblioteca del bibliotecario _aSpMaBN _bBNMADRID _kSDB _h82 _cSDB |
||
| 999 |
_c60409 _d60409 |
||